Natura 2000 and EU biodiversity policy (Record no. 65618)
[ view plain ]
| 000 -LEADER | |
|---|---|
| fixed length control field | 01316cam a2200229 4500 |
| 001 - CONTROL NUMBER | |
| control field | ABS63305 |
| 008 - FIXED-LENGTH DATA ELEMENTS--GENERAL INFORMATION | |
| fixed length control field | 000000n2000 000 0 eng u |
| 035 ## - SYSTEM CONTROL NUMBER | |
| System control number | (Sirsi) u110012 |
| 100 ## - MAIN ENTRY--PERSONAL NAME | |
| Personal name | Colwell, A |
| 245 ## - TITLE STATEMENT | |
| Title | Natura 2000 and EU biodiversity policy |
| 260 ## - PUBLICATION, DISTRIBUTION, ETC. | |
| Date of publication, distribution, etc. | 2000 |
| 490 ## - SERIES STATEMENT | |
| Series statement | Town & Country Planning |
| Volume/sequential designation | 69(11) November 2000, 334-335(2) |
| 520 ## - SUMMARY, ETC. | |
| Summary, etc. | Examines the development and extension of the EU's nature protection legislation which consists of two principle directives and two regulations. The article looks at the Habitats Directive (92/43/EEC), which has become the main mechanism for protecting European fauna and flora and their habitats, through the EU-wide framework, Natura 2000. This network is significant as it brings together a range of EU policies and programmes to provide protection and enhancement for endangered European species and habitats. This integrated policy development show how the EC is ensuring that its policy interventions are implemented in a more effective way and achieve the impacts intended. |
| 590 ## - LOCAL NOTE (RLIN) | |
| Local note | ABS |
| 650 ## - SUBJECT ADDED ENTRY--TOPICAL TERM | |
| Topical term or geographic name entry element | CONSERVATION |
| 650 ## - SUBJECT ADDED ENTRY--TOPICAL TERM | |
| Topical term or geographic name entry element | EUROPEAN COMMISSION |
| 650 ## - SUBJECT ADDED ENTRY--TOPICAL TERM | |
| Topical term or geographic name entry element | NATURA 2000 |
| 650 ## - SUBJECT ADDED ENTRY--TOPICAL TERM | |
| Topical term or geographic name entry element | CONSERVATION (NATURAL HABITATS ETC) REGULATIONS 1994 |
| 650 ## - SUBJECT ADDED ENTRY--TOPICAL TERM | |
| Topical term or geographic name entry element | HABITATS DIRECTIVE |
| 690 ## - LOCAL SUBJECT ADDED ENTRY--TOPICAL TERM (OCLC, RLIN) | |
| Topical term or geographic name as entry element | ENVIRONMENT-ENVIRONMENTAL LAW |
| 942 ## - ADDED ENTRY ELEMENTS (KOHA) | |
| Suppress in OPAC | 0 |
| Withdrawn status | Lost status | Source of classification or shelving scheme | Damaged status | Not for loan | Home library | Current library | Shelving location | Date acquired | Total Checkouts | Full call number | Barcode | Date last seen | Copy number | Price effective from | Koha item type |
|---|---|---|---|---|---|---|---|---|---|---|---|---|---|---|---|
| Dewey Decimal Classification | London | London | Journal article | 20/12/2000 | ABS63305 | 110012-1001 | 06/08/2019 | 1 | 06/08/2019 | Journal article |